Full circles, overlapping lives : culture and generation in transition
Saved in:
| Main Author: | |
|---|---|
| Format: | Book |
| Language: | English |
| Published: |
New York :
Ballantine,
2000
|
| Subjects: | |
| Tags: |
Add Tag
No Tags, Be the first to tag this record!
|
MARC
| LEADER | 00000nam a2200000 i 4500 | ||
|---|---|---|---|
| 001 | 1/24311 | ||
| 008 | 060215s2000 eng d | ||
| 020 | |a 0-345-42357-7 | ||
| 035 | |l 10082642 | ||
| 040 | |a GR-MY-UA |b gre |e aacr | ||
| 041 | 0 | |a eng | |
| 082 | 0 | |a 305.4209 |2 (22) | |
| 100 | 1 | |a Bateson, Catherine |d 1960- | |
| 245 | 1 | 0 | |a Full circles, overlapping lives : |b culture and generation in transition / |c Mary Catherine Bateson |
| 260 | |a New York : |b Ballantine, |c 2000 | ||
| 300 | |a 262 σ.; |c 21 εκ. | ||
| 504 | |a Περιέχει βιβλιογραφία (σ. [253]-262) | ||
| 650 | 0 | 0 | |a Identity (Psychology) |
| 650 | 0 | 0 | |a Self-realization. |
| 650 | 0 | 0 | |a Interpersonal relations. |
| 852 | |a INST |b LESVOS |e 20060215 |h 305.4209 BAT |p 005100034156 |q 005100034156 |t BK |y 0 | ||
| 901 | |a BIBL1-2006-1 | ||
| 909 | |a Λ |b 125638 | ||
| 920 | |a ΕΠΕΑΕΚ ΠΜΣ ΓΥΝΑΙΚΕΣ KAI ΦΥΛΑ |y ΛΕΣΒΟΣ |z 2006-01 | ||
| 970 | |a ΚΑΡΑ |b ΓΙΑΣΕΜΗ |z 2006/02/15 | ||